| 000 | 00831pam a2200265 i 4500 | ||
|---|---|---|---|
| 001 | 4189613 | ||
| 003 | NUST - PNEC | ||
| 005 | 20170116181134.0 | ||
| 008 | 800509m19829999nyua 001 0 eng | ||
| 010 | _a 80015383 | ||
| 020 | _a0070557160 (v. 1). | ||
| 020 | _a007055708X (v. 2) | ||
| 040 |
_aDLC _cLIBRARY _dDLC |
||
| 050 | 0 | 0 |
_aTL145 _b.S33 |
| 082 | 0 | 0 | _a629.225 SCH |
| 100 | 1 | _aSchulz, Erich J. | |
| 245 | 1 | 0 |
_aDiesel equipment / _cErich J. Schulz. |
| 260 |
_aNew York : _bGregg Division, McGraw-Hill, _c<c1982-> |
||
| 300 |
_av. <2 > : _bill. ; _c28 cm. |
||
| 500 | _aIncludes index. | ||
| 505 | 1 | _av. 2. Design, electronic controls, frames, suspensions, steering, transmissions, drive lines, air conditioning. | |
| 650 | 0 |
_aMotor vehicles. _xMS COMM |
|
| 650 | 0 | _aConstruction equipment. | |
| 942 |
_2ddc _cBK |
||
| 999 |
_c70123 _d70123 |
||